Bytová výstavba na Slovensku: financovanie a charakteristika trhu nehnuteľností diplomová práca

Na minha lista:
Detalhes bibliográficos
Autor principal: Veselý, Róbert
Autor Corporativo: Národohospodárska fakulta EU. Katedra hospodárskej politiky
Outros Autores: Nežinský, Eduard, 1972-
Formato: Livro
Idioma:eslovaco
Publicado em: Bratislava 2017
Tags: Adicionar Tag
Sem tags, seja o primeiro a adicionar uma tag!

MARC

LEADER 00000nbm a2200000 4500
001 0231964
005 20170807100910.4
041 0 |a slo 
044 |a SK 
245 1 0 |a Bytová výstavba na Slovensku: financovanie a charakteristika trhu nehnuteľností  |b diplomová práca  |c Róbert Veselý ; školiteľ: Eduard Nežinský 
264 1 |a Bratislava  |c 2017 
300 |a 67 s. 
100 1 |a Veselý, Róbert 
700 1 |a Nežinský, Eduard, 1972- 
710 2 |a Národohospodárska fakulta EU. Katedra hospodárskej politiky